1049 1896 1436 1547 1679 1781 1704 1258 1027 1622 1258 1869 1928 1869 1372 1679 1257 1057 1593 1589 1804 1575 1729 1757 1654 1364 1002 1310 1816 1861 1657 1609 1113 1609 1271 1979 1568 1583 1387 1052 1718 1955 1650 1650 1444 1654 1049 1015 1930 1870 1823 1277 1401 1687 1200 1831 1156 1638 1049 1272 1799 1594 1189 1010 1234 1320 1727 1447 1458 1917 1874 1576 1531 1838 1502 1074 1036 1148 1278 1345 1038 1569 1263 1894 1150 1380 1556 1054 1170 1669 1002 1974 1411 1265 1280 1201 1275 1084 1786 BCNSPRNW ULIB Ver.6.0+V

เปลี่ยนเป็นภาษาไทย

Change to English
 แสดงรายละเอียดบรรณานุกรม
  กลับหน้าหลัก

Brief Record : Get Marc (ISO 2709) : E-mail record : QR code < ปิดหน้าต่าง
LEADER : 00000nam 2200000uu 4500
001    13399121203
003     ULIB
008    020711s2549 th a 000 0 tha d
020    9747236648
050    PE1130 ป330ค
100    ประเพศ ไกรจันทร์
245    คู่มือการแปลภาษาอังกฤษ
250    พิมพ์ครั้งที่ 1
260    กรุงเทพฯ :^bพี.เอส.เพรส,^c2549
945    ^p150^l0^i24870
รายการนี้ยังไม่มีแท็ก
คุณยังไม่ได้ล็อกอิน คุณสามารถมีกิจกรรมร่วมกับเว็บไซต์ได้ แต่ต้องล็อกอินก่อน ::
  ล็อกอิน

รายการสื่อสารสนเทศ

ลำดับที่ ประเภท เลขเรียก/บาร์โค้ด สถานที่ สถานะ
1. วิทยาศาสตร์การแพทย์ และสุขภาพ
วิทยาศาสตร์การแพทย์ และสุขภาพ
PE1130 ป330ค  
  Barcode: 24870
ห้องสมุดวิทยาเขตสวรรค์ประชารักษ์
►หนังสือทั่วไป
บนชั้น

รายการใกล้เคียง
    ผู้แต่ง [ประเพศ ไกรจันทร์]

BibComment


ยังไม่เคยถูกคอมเมนท์

คอมเมนท์ทรัพยากรรายการนี้
  คอมเมนท์: คู่มือการแปลภาษาอ..


 Copyright 2026. Bcnsprnw @Library